| 000 | 01417nam a2200313 i 4500 | ||
|---|---|---|---|
| 003 | EG-GICUC | ||
| 005 | 20260121101232.0 | ||
| 008 | 251117s2005 UA ||||fr|||| 000 0 ARA d | ||
| 040 |
_a EG-GICUC _bara _c EG-GICUC _d EG-GICUC _erda |
||
| 041 | 0 | _aARA | |
| 082 | 0 | 4 |
_221 _a341.85 _bم ح . ع |
| 092 | 0 | 4 | _221 |
| 099 | _aLAW1 11 2005 341.85 م ح . ع | ||
| 100 | 0 |
_aمحمد عبد المجيد إسماعيل ، _eمؤلف. |
|
| 245 | 1 | 0 |
_aعقود الأشغال الدولية ة التحكيم فيها : _bدراسة الطبيعة القانونية الجديدة والأحكام الخاصة بعقود مشروعات البنية الأساسية المبرمة بين الدول والأشخاص الأجنبية الخاصة والتحكيم فيها / _cتأليف دكتور محمد عبد المجيد إسماعيل . |
| 264 | 1 |
_aبيروت : _bالحلبى الحقوقية ، _c2003 . |
|
| 300 |
_a ؛ 840 صفحة _c24 سم |
||
| 336 |
_2rda content _atext |
||
| 337 |
_2rda media _aComputer |
||
| 338 |
_2rda carrier _aOnline Resource |
||
| 504 | _aيشتمل على ارجاعات ببليو جرافية . | ||
| 546 | _aالنص باللغة العربية | ||
| 650 | 1 | 4 | _aالقانون الدولى |
| 650 | 1 | 4 | _aالتحكيم - قانون دولي |
| 651 | 1 | _2qrmak | |
| 856 | 4 | 0 | _uhttps://fll.law.cu.edu.eg/fulltext/bks/B12-01435.pdf |
| 905 | _a76 | ||
| 942 |
_2ddc _cBK _e21 _n0 |
||
| 999 |
_c43793 _d43793 |
||